El Simposio de San Juan Puerto Rico
Furkejuvvon:
| Searvvušdahkki: | |
|---|---|
| Materiálatiipa: | Girji |
| Giella: | espánnjágiella |
| Almmustuhtton: |
San Juan
s.n
1974
|
| Fáttát: | |
| Fáddágilkorat: |
Lasit fáddágilkoriid
Eai fáddágilkorat, Lasit vuosttaš fáddágilkora!
|
MARC
| LEADER | 00000nam a2200000 a 4500 | ||
|---|---|---|---|
| 001 | UCI0733 | ||
| 003 | CL-VaPUC | ||
| 005 | 20241107130639.0 | ||
| 008 | 070525e19740000pr 1 spa d | ||
| 082 | 0 | 4 | |a 468 |b DEP |2 21 |
| 110 | 2 | |a Estado Libre Asociado de Puerto Rico. Departamento de Instrucción Pública |e author |9 621011 | |
| 245 | 1 | 3 | |a El Simposio de San Juan Puerto Rico |
| 260 | |a San Juan |b s.n |c 1974 | ||
| 300 | |a 2570000 | ||
| 500 | |a Donación del Dr. Luis Gómez Macker | ||
| 583 | |a last modification |c 20190826 11:24:25 |k Rodrigo Vera | ||
| 600 | 0 | |a San Juan Evangelista |9 337229 | |
| 650 | 0 | 0 | |a Lingüística |9 265068 |
| 650 | 0 | 0 | |a Lingüística aplicada |9 313266 |
| 650 | 0 | 7 | |a CONGRESO |2 CL-VaPUC |9 316362 |
| 650 | 0 | 7 | |a ESTUDIOS Y ENSEÑANZAS |2 CL-VaPUC |9 621012 |
| 650 | 0 | 0 | |a Sociolingüística |9 263716 |
| 651 | 7 | |a PUERTO RICO |2 CL-VaPUC |9 254988 | |
| 942 | |c BK | ||
| 945 | |a jtorresc |d 20070525 00:00:00 | ||
| 546 | |a En Español | ||
| 536 | |a Estado Libre Asociado de Puerto Rico | ||
| 518 | |p El Simposio de San Juan, 1, San Juan, junio de 1971 | ||
| 999 | |c 384263 |d 384261 | ||
| 952 | |0 0 |1 0 |4 0 |6 468_000000000000000_DEP_1974 |7 0 |8 A |9 506893 |a FDOPOS |b FDOPOS |d 2020-01-23 |i 4274504 |o 468 DEP 1974 |p 4274504 |r 2025-01-22 |w 2020-01-23 |y BK |k MLA | ||